000 00422nam a2200181Ia 4500
005 20250923145726.0
008 008 250917s9999 xx 000 0 eng d
037 _aPeriodicals
040 _aDSWL
_beng
_cDSWL
041 _aeng
_2eng
084 _qDSWL
245 0 _aSocial Defence
260 _c1984
300 _a43-44p.
490 _vVol. 19, July-April, 1983-84
942 _cCR
999 _c1454861
_d1454861